00342nam a2200145Ia 4500100003600000650002200036250000600058366000700064654002200071245003800093260002100131082001300152300000800165546002300173 aShirley/Peter/ Marschner/Steve  aComputer graphics a3 f25 acomputer graphics aFundamentals of Computer Graphics bA.K.Petersc2010 a6.6bSHI a287 aENGLISHcComputers